MARC

LEADER 00000nam0a2200000 4500
001 80622
005 20231031094743.0
035 |a (RuTPU)RU\TPU\book\86652 
090 |a 80622 
100 |a 20050907d1964 k y0rusy50 ca 
101 0 |a rus 
102 |a RU 
105 |a a z 001zy 
200 1 |a Промышленный синтез ароматических нитросоединений и аминов  |f Б. Е. Беркман 
210 |a Москва  |c Химия  |d 1964 
215 |a 344 с.  |c ил. 
320 |a Библиогр.: с. 324-332 
610 1 |a нитросоединения 
610 1 |a ароматические соединения 
610 1 |a синтез 
610 1 |a амины 
610 1 |a применение 
610 1 |a производство 
610 1 |a промышленный синтез 
610 1 |a нафталин 
610 1 |a нафтиламины 
610 1 |a технологические расчеты 
675 |a 661.7  |v 3 
700 1 |a Беркман  |b Б. Е.  |g Борис Ефимович 
801 1 |a RU  |b 63413507  |c 20050907  |g PSBO 
801 2 |a RU  |b 63413507  |c 20220301  |g PSBO 
942 |c BK